| 000 | 00522cam a2200193 4500 | ||
|---|---|---|---|
| 001 | D15113 | ||
| 008 | 090401t1978 xxu||||| |||| 00| 0 eng d | ||
| 035 | _a(Sirsi) u20319 | ||
| 041 | _aeng | ||
| 050 | _a639.21 | ||
| 110 |
_aRoyal Institution of Chartered Surveyors _bScottish Branch _9830 |
||
| 245 | _aBrown trout: loch management | ||
| 260 |
_bRICS _c1978 |
||
| 300 | _a6p. 30cm | ||
| 350 | _a0 | ||
| 520 | _aFiled in Box 1978/40A ; Issued by the Scottish Branch of the RICS | ||
| 942 | _n0 | ||
| 948 | _c04/03/1997 | ||
| 999 |
_c87796 _d87796 |
||